00720cam a22002173a 45000010005000000030006000050050017000110080041000280400015000690420007000840500007000911000042000982450103001402600029002435000064002725060030003365160020003666530047003868300028004338560041004614912PGUSA20140828083111.0040101s2004||||xxu|||||s|||||000 1 eng d aPGUSAbeng adc 4aPS1 aRichardson, Majorq(John),d1796-185210aWacousta :ba tale of the Pontiac conspiracy (Complete)h[electronic resource] /cMajor Richardson bProject Gutenberg,c2004 aContains: Vol. I (#4719), Vol. II (#4720), Vol. III (#4911) aPublic domain in the USA. aElectronic text aPontiac's Conspiracy, 1763-1765 -- Fiction 0aProject Gutenbergv491240uhttp://www.gutenberg.org/ebooks/4912